Cities with Castles - Sudden Death - Statistics

General Stats
  • This quiz has been taken 185 times
  • The average score is 11 of 20
Answers on the Grid
Answers color-coded by a green-red scale on the quiz's grid according to % correct below.
Edinburgh
Copenhagen
Lisbon
Sydney
Los Angeles
Tallinn
Prague
Brno
Nairobi
Kyoto
Nagoya
Tehran
Lagos
Cardiff
Budapest
Vaduz
Amman
Tripoli
Ghent
Chicago
Vancouver
Kraków
Johannesburg
Dublin
Caracas
Quito
Chennai
Tel Aviv
Heidelberg
Accra
Seville
Osaka
São Paulo
Bangkok
Dubai
Bratislava
Ljubljana
Lima
Singapore
Warsaw
 
Answer Stats
Answer % Correct
Edinburgh
96%
Prague
80%
Lisbon
73%
Budapest
70%
Copenhagen
70%
Tallinn
60%
Kraków
59%
Cardiff
57%
Dublin
57%
Warsaw
57%
Seville
54%
Bratislava
53%
Ljubljana
49%
Heidelberg
47%
Vaduz
45%
Brno
44%
Ghent
39%
Kyoto
39%
Osaka
25%
Nagoya
20%
No matching quizzes found
Score Distribution
Percent of People with Each Score
Percentile by Number Answered
Your Score History
You have not taken this quiz